Estudio comparativo de diferentes mezclas de microorganismos comerciales para la degradación aerobia de los desechos del beneficiado de café
Wedi'i Gadw mewn:
| Prif Awdur: | |
|---|---|
| Fformat: | Llyfr |
| Cyhoeddwyd: |
Vienna : IAEA
1999
|
| Pynciau: | |
| Tagiau: |
Ychwanegu Tag
Dim Tagiau, Byddwch y cyntaf i dagio'r cofnod hwn!
|
MARC
| LEADER | 00000nam a2200000Ia 4500 | ||
|---|---|---|---|
| 003 | 010178 | ||
| 005 | 20221231144209.0 | ||
| 008 | 140114s1999 cr a m 000 ||s d | ||
| 040 | |c cru CEDI | ||
| 090 | |a TFG 4156 | ||
| 100 | |a Porras Cajina, Danilo A |9 8235 | ||
| 245 | |a Estudio comparativo de diferentes mezclas de microorganismos comerciales para la degradación aerobia de los desechos del beneficiado de café | ||
| 260 | |c 1999 |a Vienna : IAEA | ||
| 300 | |a xiv, 106 hojas | ||
| 500 | |a Tesis Proyecto de graduación (licenciatura en ingeniería química)--Universidad de Costa Rica. Facultad de Ingeniería. Escuela de Ingeniería Química, | ||
| 650 | |x BENEFICIO DE CAFE |x AGUAS RESIDUALES |x RESIDUOS AGRICOLAS |x MICROORGANISMOS INDUSTRIALES |9 8236 | ||
| 942 | |c TFG | ||
| 999 | |c 18310 |d 18310 | ||
